Etiqueta de registo: 00000nam 2200025 450
001 1989832
003 http://id.bnportugal.gov.pt/bib/catbnp/1989832
010 ## $a978-989-20-4958-8
021 ## $aPT$b392816/15
100 ## $a20180510d2015 e d0pory01030103ba
101 0# $apor
102 ## $aPT
105 ## $aa z 000fy
106 ## $ar
200 1# $aContos do Vale$ftextos adapt. Adão Tavares... [et al.]$gil. Ana Vieira... [et al.]
205 ## $a2ª ed
210 #9 $aVale de Cambra$cMunicípio de Vale de Cambra,$d2015
215 ## $a76, [2] p.$cmuito il.$d26 cm
675 ## $a821.134.3-343"20"$vBN$zpor$31291760
675 ## $a398.2(=1:469.321)"19/20"$vBN$zpor$31713720
702 #1 $aTavares,$bAdão$4010$3975074
702 #1 $98$aVieira,$bAna$4440$31713591
801 #0 $aPT$bBN$gRPC
856 41 $uhttp://rnod.bnportugal.gov.pt/ImagesBN/winlibimg.aspx?skey=&doc=1989832&img=109554&save=true
900 ## $aBIBNAC$d20180604
966 ## $lBN$mFGMON$sL. 143993 V.$x1
966 ## $lBN$mFGMON$sL. 143993 V.-D$x1
Etiqueta de registo: 00000nam 2200025 450
001 2040904
003 http://id.bnportugal.gov.pt/bib/catbnp/2040904
010 ## $a978-989-52-4714-1
021 ## $aPT$b448119/18
100 ## $a20200214d2019 c y0pory01030103ba
101 0# $apor
102 ## $aPT
105 ## $aa z 000yy
106 ## $ar
200 1# $a Os mochinhos da sabedoria na aventura das emoções$fSandra Costa$gil. Ana Vieira
205 ## $a1ª ed
210 #9 $aLisboa$cChiado Kids,$d2019
215 ## $a76, [1] p.$cil.$d21 cm
225 2# $aMochinhos da sabedoria
675 ## $a159.942(072)$vBN$zpor$31326000
675 ## $a371.3(072)$vBN$zpor$31237791
700 #1 $96$aCosta,$bSandra$31663958
702 #1 $98$aVieira,$bAna$4440$31713591
801 #0 $aPT$bBN$gRPC
856 41 $uhttp://rnod.bnportugal.gov.pt/ImagesBN/winlibimg.aspx?skey=&doc=2040904&img=136843&save=true
966 ## $lBN$mFGMON$sS.A. 174377 V.$x1